• 首页
  • 本馆介绍
  • 公告通知
  • 最新文献
  • 馆藏检索
  • 电子资源
  • 读者导购
  • 参考咨询
  • 我的图书馆
  • 登录
  • 详细信息显示
  • 放入我的书架
  • 预约/预借图书
  • 作者相关作品
  • 分类相关作品
  • 丛书相关作品
  • 出版社相关作品

书目信息

  • 表格格式
  • 工作单格式
  • 卡片格式
题名:
中华的崩溃与扩大
    
 
作者: 川本芳昭 著 ;余晓潮 译
分册:  
出版信息: 桂林   广西师范大学出版社  2014
页数: 341页
开本: 19cm
丛书名:
单 册:
中图分类: K235.07
科图分类:
主题词: 中国历史--研究--魏晋南北朝时代 , 中国历史
电子资源:
ISBN: 978-7-5495-1147-1
000 01069nam0 2200289 450
001 012001003808
005 20140926114741.0
010    @a978-7-5495-1147-1@b精装@dCNY45.00
090    @aK235.07@bcbf
100    @a20140429d2014 em y0chiy50 ea
101 1  @achi@cjpn
102    @aCN@b450000
105    @aa z 000yy
106    @ar
200 1  @a中华的崩溃与扩大@9zhong hua de beng kui yu kuo da@e魏晋南北朝@f(日)川本芳昭著@g余晓潮译
210    @a桂林@c广西师范大学出版社@d2014
215    @a341页@c图@d19cm
300    @a理想国 讲谈社·中国的历史 05
305    @a由日本讲谈社授权出版
330    @a本书共分十章,内容包括:魏晋南北朝时期之序幕;胡汉的抗争;跨越胡汉之壁垒;江南贵族制社会;南朝后期的政治与社会;江南的开发与民族间的斗争;北魏孝文帝的改革;北朝后期的政治与社会等。
606 0  @a中国历史@x研究@z魏晋南北朝时代
606 0  @a中国历史
690    @aK235.07@v5
701  0 @c(日)@a川本芳昭@9chuan ben fang zhao@f(1950~)@4著
702  0 @a余晓潮@9yu xiao chao@c(教师)@4译
801  0 @aCN@b上海新华@c20180901
905    @b1163591-5@dK235.07@e108@f5
    
    中华的崩溃与扩大:魏晋南北朝/(日)川本芳昭著/余晓潮译.-桂林:广西师范大学出版社,2014
    341页:图;19cm
    理想国 讲谈社·中国的历史 05
    
    ISBN 978-7-5495-1147-1(精装):CNY45.00
    本书共分十章,内容包括:魏晋南北朝时期之序幕;胡汉的抗争;跨越胡汉之壁垒;江南贵族制社会;南朝后期的政治与社会;江南的开发与民族间的斗争;北魏孝文帝的改革;北朝后期的政治与社会等。
●
相关链接 在E读中查询图书 在五车中查询图书 在当当中查询图书 在豆瓣中查询图书


正题名:中华的崩溃与扩大     索取号:K235.07/108         预约/预借

序号 登录号 条形码 馆藏地/架位号 状态 备注
1 1163591   211635916   第二样本阅览室/ [索取号:K235.07/108] 在馆    
2 1163592   211635925   第二借阅区/ [索取号:K235.07/108] 在馆    
3 1163593   211635934   第二借阅区/ [索取号:K235.07/108] 在馆    
4 1163594   211635943   第二借阅区/ [索取号:K235.07/108] 在馆    
5 1163595   211635952   密集书库-史法系/ [索取号:K235.07/108] 在馆    
唐山师范学院图书馆 欢迎您!
大连网信软件有限公司© 版权所有